000 00575nam a2200205 a 4500
005 20240501063706.0
008 031001s1999 mx r 000 0 spa d
020 _a842641270X
035 _aUPN01000144108
049 _aCG
050 4 _aPQ2603 E3.78
_bM6
100 1 _aBeckett, Samuel,
_d1906-1989
245 1 0 _aMolloy /
_cSamuel Beckett ; tr. de Pere Gimferrer.
260 _aBarcelona, Esp. :
_bLumen,
_c1999.
300 _a228 p.
440 0 _aPalabra en el tiempo ;
_v270
534 _pTraducción de:
_tMolloy
650 4 _aNovela francesa
_98238
905 _aLibro
999 _c116255
_d116255